Vapor pressures of the fluorinated telomer alcohols-limitations of estimation methods /
Sparad:
| Övriga upphovsmän: | , , , , |
|---|---|
| Materialtyp: | Artikel |
| Språk: | English |
| Ämnen: | |
| Taggar: |
Lägg till en tagg
Inga taggar, Lägg till första taggen!
|
| Thư viện lưu trữ: | Thư viện Trường Đại học Đà Lạt |
|---|
| LEADER | 01078nam a2200361 4500 | ||
|---|---|---|---|
| 001 | DLU090094511 | ||
| 005 | ##20091201 | ||
| 040 | # | # | |a DLU |b eng |
| 041 | # | # | |a eng |
| 044 | # | # | |a us |
| 245 | # | # | |a Vapor pressures of the fluorinated telomer alcohols-limitations of estimation methods / |c Naomi L. Stock ... [et al.]. |
| 653 | # | # | |a Accuracy |
| 653 | # | # | |a Alcohol |
| 653 | # | # | |a Correlation analysis |
| 653 | # | # | |a Organic compounds |
| 653 | # | # | |a Pollution |
| 653 | # | # | |a Property structure relationship |
| 653 | # | # | |a Vapor pressure |
| 700 | # | # | |a Deleebeeck, Lisa. |
| 700 | # | # | |a Ellis, David A. |
| 700 | # | # | |a Mabury, Scott A. |
| 700 | # | # | |a Muir, Derek C. G. |
| 700 | # | # | |a Stock, Naomi L. |
| 773 | # | # | |t Environmental Science & Technology |g Vol. 38, no. 6 (March 2004), p. 1693-1699 |
| 920 | # | # | |a Phòng Tạp chí -- Trung tâm Thông tin - Thư viện Trường Đại học Đà Lạt |
| 994 | # | # | |a DLU |
| 900 | # | # | |a True |
| 911 | # | # | |a Trương Bảo Trâm Anh |
| 925 | # | # | |a G |
| 926 | # | # | |a A |
| 927 | # | # | |a BB |
| 980 | # | # | |a Thư viện Trường Đại học Đà Lạt |